01333njm a2200265Ia 4500001000600000003000900006005001700015008004100032040001300073040001300086041001300099100001800112100001800130100003800148245002200186250001100208260001100219260007000230300002200300300002200322500042400344505015500768650006200923700008200985G8710IT-RoPAU20220918181142.0131025s9999 xx 000 0 und d aIT-RoPAU cIT-RoPAU aITALIANO aBorgo Gaetano eAutore musica gCodice autore musica SPICS: 23930 aOvunque tu ci sei a1a ed. aMILANO bMULTIMEDIA SAN PAOLOc2001 [1a Ed.:2001 - Ed. Lingua Orig.: 2001] aSPARTITO MUSICALE c (Testo: 64 pag.) aSpartiti musicali. Testo e partitura musicale di 10 canzoni, scritte per incontrare e comunicare con i giovani di questo tempo e un aiuto per chi cammina con loro nella vita. L'ispirazione musicale è accompagnata da parole nate da un confronto con la Sacra Scrittura, la preghiera dei salmi e l'incontro con la vita di San Francesco. Ascoltare anche la cassetta (Codice G8711) e cd (Codice G8712) dallo stesso titolo. aNon stanchiamoci - Amica notte - Allora capirai - In viaggio - Pensiero - Occhi - Ritorniamo a te - Cerca un posto - Ovunque tu ci sei - Sei tu Maria. aRELIGIOSO [SPARTITI MUSICALI]eCodice MATERIA SPICS: 9953 aBorgo GaetanoeAutore testo e musicagCodice autore testo/musica SPICS: 23930